| 000 -LEADER |
| fixed length control field |
01512pam a2200457 a 4500 |
| 001 - CONTROL NUMBER |
| control field |
019411010 |
| 003 - CONTROL NUMBER IDENTIFIER |
| control field |
UkOxU |
| 005 - DATE AND TIME OF LATEST TRANSACTION |
| control field |
20190801102108.0 |
| 008 - FIXED-LENGTH DATA ELEMENTS--GENERAL INFORMATION |
| fixed length control field |
100414m20102012enka 6 000 1 eng |
| 015 ## - NATIONAL BIBLIOGRAPHY NUMBER |
| National bibliography number |
GBB052205 |
| Source |
bnb |
| 020 ## - INTERNATIONAL STANDARD BOOK NUMBER |
| International Standard Book Number |
9780007354993 (v. 3 : pbk.) : |
| 035 ## - SYSTEM CONTROL NUMBER |
| System control number |
(OCoLC)619895476 |
| 035 ## - SYSTEM CONTROL NUMBER |
| System control number |
(Uk)015534753 |
| 040 ## - CATALOGING SOURCE |
| Original cataloging agency |
StDuBDS |
| Language of cataloging |
eng |
| Transcribing agency |
StDuBDS |
| Modifying agency |
Uk |
| -- |
UkOxU |
| 042 ## - AUTHENTICATION CODE |
| Authentication code |
ukblsr |
| 082 04 - DEWEY DECIMAL CLASSIFICATION NUMBER |
| Classification number |
FIC MAR |
| Edition number |
22 |
| 100 1# - MAIN ENTRY--PERSONAL NAME |
| Personal name |
Marr, Melissa. |
| 245 10 - TITLE STATEMENT |
| Title |
Wicked lovely : |
| Remainder of title |
desert tales / |
| Statement of responsibility, etc. |
story by Melissa Marr ; art by Xian Nu Studios, [Irene Diaz & Laura Moreno]. |
| 246 ## - VARYING FORM OF TITLE |
| Title proper/short title |
Desert tales : |
| Remainder of title |
resolve |
| 260 ## - PUBLICATION, DISTRIBUTION, ETC. |
| Place of publication, distribution, etc. |
London : |
| Name of publisher, distributor, etc. |
HarperCollins Children's, |
| Date of publication, distribution, etc. |
2010-2012. |
| 300 ## - PHYSICAL DESCRIPTION |
| Extent |
3 v. : |
| Other physical details |
chiefly ill. ; |
| Dimensions |
19 cm. |
| 500 ## - GENERAL NOTE |
| General note |
"A Tokyopop manga"--Facing t.p. |
| 500 ## - GENERAL NOTE |
| General note |
Formerly CIP. |
| Institution to which field applies |
Uk |
| 505 0# - FORMATTED CONTENTS NOTE |
| Formatted contents note |
v. 1. Sanctuary -- v. 2. Challenge -- v. 3. Resolve. |
| 521 8# - TARGET AUDIENCE NOTE |
| Target audience note |
Rating: T for teen, age 13+. |
| 650 #0 - SUBJECT ADDED ENTRY--TOPICAL TERM |
| Topical term or geographic name entry element |
Fairies |
| Form subdivision |
Comic books, strips, etc. |
| -- |
Fiction. |
| 650 #0 - SUBJECT ADDED ENTRY--TOPICAL TERM |
| Topical term or geographic name entry element |
Graphic novels. |
| 655 #0 - INDEX TERM--GENRE/FORM |
| Genre/form data or focus term |
Fantasy comic books, strips, etc. |
| 655 #0 - INDEX TERM--GENRE/FORM |
| Genre/form data or focus term |
Young adult fiction. |
| 655 #0 - INDEX TERM--GENRE/FORM |
| Genre/form data or focus term |
Graphic novels. |
| 700 1# - ADDED ENTRY--PERSONAL NAME |
| Personal name |
Diaz, Irene. |
| 700 1# - ADDED ENTRY--PERSONAL NAME |
| Personal name |
Moreno, Laura, |
| Dates associated with a name |
1983- |
| 700 12 - ADDED ENTRY--PERSONAL NAME |
| Personal name |
Marr, Melissa. |
| Title of a work |
Sanctuary. |
| 700 12 - ADDED ENTRY--PERSONAL NAME |
| Personal name |
Marr, Melissa. |
| Title of a work |
Challenge. |
| 700 12 - ADDED ENTRY--PERSONAL NAME |
| Personal name |
Marr, Melissa. |
| Title of a work |
Resolve. |
| 710 2# - ADDED ENTRY--CORPORATE NAME |
| Corporate name or jurisdiction name as entry element |
Xian Nu Studio. |
| 942 ## - ADDED ENTRY ELEMENTS (KOHA) |
| Source of classification or shelving scheme |
|
| Koha item type |
Books - Fiction |